| 000 | 00636nam a2200181 a 4500 | ||
|---|---|---|---|
| 001 | 000045525 | ||
| 005 | 20240311204354.0 | ||
| 008 | 150414s1981 dr 000 0 spa d | ||
| 040 |
_aDO-SdBNP _bspa _cBNPHU |
||
| 082 |
_axxxx _bxxxx |
||
| 100 | 1 |
_aGarcía Recio, Luis _973581 |
|
| 245 | 1 | 3 |
_aEl registro de contribuyentes : _bla experiencia dominicana / _cLuis García Recio. |
| 260 |
_aSanto Domingo : _b(INCAT), _c1981. |
||
| 300 |
_a28 p. ; _c21 cm. |
||
| 490 | 1 |
_aFortalecimiento institucional _v6 |
|
| 710 | 2 | 2 |
_aInstituto de Capacitación Tributaria (República Dominicana) _973226 |
| 830 | 0 |
_aFortalecimiento institucional. _n6 _973583 |
|
| 999 |
_c45014 _d45014 |
||